| 000 | 00755nas a2200253 4500 | ||
|---|---|---|---|
| 001 | BR8902691 | ||
| 003 | BR-BrBNA | ||
| 005 | 20231205091553.0 | ||
| 007 | ta | ||
| 008 | 230509b bl.|||p| |||| 00| 00por d | ||
| 040 |
_aBR-BrBNA _bpor _cBiblioteca Nacional de Agricultura |
||
| 041 | _a(Pt) | ||
| 072 | _aF01; F07; H10 | ||
| 100 | 1 | _aCastilho, H.J. | |
| 100 | 1 | _aBotelho, P.S.M. | |
| 100 | 1 | _aMacedo, N. | |
| 245 | 1 | _aEstudo da entomofauna benefica em areas de producao de cana e alimento | |
| 650 | _aCANA DE ACUCAR | ||
| 650 | _aBROCA | ||
| 650 | _aPRATICA CULTURAL | ||
| 773 | 0 |
_tBrasil Acucareiro (Brazil) _xISSN 0006-9167 _g(Jul-Aug 1988), v. 106(4) p. 5-10 _wBR8902691 |
|
| 909 |
_a202311 _bLúcia _c55 _dLúcia Elande |
||
| 942 |
_2AGRIS _n0 _cANA |
||
| 999 |
_c125938 _d125938 |
||